Speak : il graphic novel /

Saved in:
Bibliografiske detaljer
Hovedforfatter: Anderson, Laurie Halse (Author)
Andre forfattere: Carroll, Emily, Codecà, Chiara (Translator)
Format: Bog
Sprog:italiensk
Udgivet: Milano : Il Castoro, 2019
Tags: Tilføj Tag
Ingen Tags, Vær først til at tagge denne postø!

MARC

LEADER 00000nam a22000007i 4500
001 IT\ICCU\UBO\4417657
003 ItRI
005 20260115232136.0
008 191105s2019 it |||||| ||||| |||||c
020 |a 9788869665196 
040 |b ita  |c importazione bologna sebina 
041 7 |a ita  |2 ISO-639-2 
082 |a 741.5973  |9 RACCOLTE DI VIGNETTE, CARICATURE, FUMETTI. Stati Uniti  |2 21 
100 1 |a Anderson, Laurie Halse  |0 IT\ICCU\UBOV\888074  |4 aut 
240 1 0 |a Speak  |3 IT\ICCU\TO0\1737971  |9 Anderson, Laurie Halse 
245 1 0 |a Speak :  |b il graphic novel /  |c Laurie Halse Anderson ; disegni di Emily Carroll ; traduzione di Chiara Codecà. 
260 |a Milano :  |b Il Castoro,  |c 2019 
300 |a 369 p. :  |b fumetti ;  |c 24 cm 
700 1 |a Carroll, Emily  |0 IT\ICCU\UBOV\429851 
700 1 |a Codecà, Chiara  |0 IT\ICCU\MILV\299456  |4 trl 
790 1 |a Anderson, L. H.  |3 IT\ICCU\SBNV\028919  |z Anderson, Laurie Halse 
942 |2 ddc  |c BK  |n 0 
952 |0 0  |1 0  |4 0  |6 F_741_597000000000000_AND  |7 0  |9 20773  |a BO  |b BO  |d 2026-01-15  |i 19595  |l 0  |o F 741.597 AND  |p BO19595  |r 2026-01-15 23:21:36  |w 2026-01-15  |x [Sebina 5] [1 v.]  |y BK  |z 1 v. 
999 |c 17749  |d 17749